Woodland ecology / (Record no. 72761)
[ view plain ]
| 000 -LEADER | |
|---|---|
| fixed length control field | 00715nam a2200253 a 4500 |
| 001 - CONTROL NUMBER | |
| control field | 72761 |
| 003 - CONTROL NUMBER IDENTIFIER | |
| rucl marc code | BD-RjUL |
| 005 - DATE AND TIME OF LATEST TRANSACTION | |
| control field | 20211209082315.0 |
| 008 - FIXED-LENGTH DATA ELEMENTS--GENERAL INFORMATION | |
| fixed length control field | 170523r19601958maua b 001 0 eng d |
| 035 ## - SYSTEM CONTROL NUMBER | |
| System control number | (BD-RjUL)72979 |
| 040 ## - CATALOGING SOURCE | |
| Original cataloging agency | DLC |
| Transcribing agency | DLC |
| Modifying agency | BD-RjUL |
| Language of cataloging | eng |
| 041 ## - LANGUAGE CODE | |
| Language code of text/sound track or separate title | eng |
| 082 00 - DEWEY DECIMAL CLASSIFICATION NUMBER | |
| Edition number | 23 |
| Classification number | 577.3 |
| Author mark and year | NEW 1960 |
| 100 1# - MAIN ENTRY--PERSONAL NAME | |
| Personal name | Neal, Ernest |
| 9 (RLIN) | 215230 |
| 245 10 - TITLE STATEMENT | |
| Title | Woodland ecology / |
| Statement of responsibility, etc. | By Ernest Neal |
| 250 ## - EDITION STATEMENT | |
| Edition statement | 2nd ed. |
| 260 ## - PUBLICATION, DISTRIBUTION, ETC. (IMPRINT) | |
| Place of publication, distribution, etc. | London : |
| Name of publisher, distributor, etc. | Heumann, |
| Date of publication, distribution, etc. | c1958 [Reprinted1964] |
| 300 ## - PHYSICAL DESCRIPTION | |
| Pagination | xii, 117 p. : |
| Illustrations | ill. ; |
| Size | 19 cm. |
| 504 ## - BIBLIOGRAPHY, ETC. NOTE | |
| Bibliography, etc | Includes bibliographies and indexes. |
| 650 #0 - SUBJECT ADDED ENTRY--TOPICAL TERM | |
| Topical term or geographic name as entry element | Forest ecology. |
| 9 (RLIN) | 159756 |
| Topical term or geographic name as entry element | Food chains (Ecology). |
| 9 (RLIN) | 215231 |
| 942 ## - ADDED ENTRY ELEMENTS (KOHA) | |
| Source of classification or shelving scheme | Dewey Decimal Classification |
| Koha item type | Books |
| Lost status | Source of classification or shelving scheme | Damaged status | Not for loan | Collection code | Permanent Location | Current Location | Shelving location | Date acquired | Source of acquisition | Cost, normal purchase price | Total Checkouts | Full call number | Date last seen | Copy number | Koha item type |
|---|---|---|---|---|---|---|---|---|---|---|---|---|---|---|---|
| Dewey Decimal Classification | Not For Loan | Non-fiction | Central Library, University of Rajshahi | Central Library, University of Rajshahi | Reading Room | 04/07/1964 | Zeitlinger | 10.60 | 577.3 NEW 1960 | 23/05/2017 | C-1 | Books | |||
| Dewey Decimal Classification | Non-fiction | Central Library, University of Rajshahi | Central Library, University of Rajshahi | 11/10/1965 | Zeitlinger | 15.00 | 577.3 NEW 1964 | 23/05/2017 | C-2 | Books |